UEFA Final Host Cities - Statistics

General Stats
  • This quiz has been taken 104 times
  • The average score is 186 of 225
Answer Stats
% Correct
UEFA European Championship 2024 Berlin
100%
UEFA Champions League 2015 Berlin
100%
UEFA Women's Champions League 2015 Berlin
100%
UEFA European Championship 2020 London
99%
UEFA European Championship 1996 London
99%
UEFA Women's Championship 2021 London
99%
UEFA Champions League 2024 London
99%
UEFA Champions League 2013 London
99%
UEFA Champions League 2011 London
99%
European Cup 1992 London
99%
European Cup 1978 London
99%
European Cup 1971 London
99%
European Cup 1968 London
99%
European Cup 1963 London
99%
UEFA Women's Champions League 2013 London
99%
UEFA Women's Champions League 2011 London
99%
UEFA Cup Winners' Cup 1993 London
99%
UEFA Cup Winners' Cup 1965 London
99%
UEFA European Championship 1984 Paris
99%
UEFA European Championship 1960 Paris
99%
European Cup 1981 Paris
99%
European Cup 1975 Paris
99%
European Cup 1956 Paris
99%
UEFA Cup 1998 Paris
99%
UEFA Cup Winners' Cup 1995 Paris
99%
UEFA Cup Winners' Cup 1978 Paris
99%
UEFA European Championship 2016 Saint-Denis
99%
UEFA Champions League 2022 Saint-Denis
99%
UEFA Champions League 2006 Saint-Denis
99%
UEFA Champions League 2000 Saint-Denis
99%
UEFA Champions League 1999 Barcelona
97%
European Cup 1989 Barcelona
97%
UEFA Cup Winners' Cup 1982 Barcelona
97%
UEFA Cup Winners' Cup 1972 Barcelona
97%
UEFA Women's Champions League 2010 Getafe
97%
UEFA European Championship 2012 Kyiv
97%
UEFA Champions League 2018 Kyiv
97%
UEFA Women's Champions League 2018 Kyiv
97%
UEFA European Championship 1964 Madrid
97%
UEFA Champions League 2019 Madrid
97%
UEFA Champions League 2010 Madrid
97%
European Cup 1980 Madrid
97%
European Cup 1969 Madrid
97%
European Cup 1957 Madrid
97%
UEFA Champions League 2023 Istanbul
96%
UEFA Champions League 2005 Istanbul
96%
UEFA Europa League 2026 Istanbul
96%
UEFA Cup 2009 Istanbul
96%
UEFA Europa Conference League 2027 Istanbul
96%
UEFA Super Cup 2019 Istanbul
96%
UEFA Champions League 2008 Moscow
96%
UEFA Cup 1999 Moscow
96%
UEFA European Championship 1988 Munich
96%
UEFA Champions League 2025 Munich
96%
UEFA Champions League 2012 Munich
96%
UEFA Champions League 1997 Munich
96%
UEFA Champions League 1993 Munich
96%
European Cup 1979 Munich
96%
UEFA Women's Champions League 2012 Munich
96%
UEFA Champions League 1998 Amsterdam
94%
European Cup 1962 Amsterdam
94%
UEFA Europa League 2013 Amsterdam
94%
UEFA Cup Winners' Cup 1977 Amsterdam
94%
UEFA Champions League 2002 Glasgow
94%
European Cup 1976 Glasgow
94%
European Cup 1960 Glasgow
94%
UEFA Cup 2007 Glasgow
94%
UEFA Cup Winners' Cup 1966 Glasgow
94%
UEFA Cup Winners' Cup 1962 Glasgow
94%
UEFA European Championship 2004 Lisbon
94%
UEFA Champions League 2020 Lisbon
94%
UEFA Champions League 2014 Lisbon
94%
European Cup 1967 Lisbon
94%
UEFA Cup 2005 Lisbon
94%
UEFA Women's Champions League 2025 Lisbon
94%
UEFA Women's Champions League 2014 Lisbon
94%
UEFA Cup Winners' Cup 1992 Lisbon
94%
UEFA Nations League 2021 Milan
94%
UEFA Champions League 2016 Milan
94%
UEFA Champions League 2001 Milan
94%
European Cup 1970 Milan
94%
European Cup 1965 Milan
94%
UEFA European Championship 1980 Rome
94%
UEFA European Championship 1968 Rome
94%
UEFA Champions League 2009 Rome
94%
UEFA Champions League 1996 Rome
94%
European Cup 1984 Rome
94%
European Cup 1977 Rome
94%
UEFA Champions League 2007 Athens
92%
UEFA Champions League 1994 Athens
92%
European Cup 1983 Athens
92%
UEFA Europa Conference League 2024 Athens
92%
UEFA Super Cup 2023 Athens
92%
UEFA Cup Winners' Cup 1987 Athens
92%
UEFA European Championship 1972 Brussels
92%
European Cup 1985 Brussels
92%
European Cup 1974 Brussels
92%
European Cup 1966 Brussels
92%
European Cup 1958 Brussels
92%
UEFA Cup Winners' Cup 1996 Brussels
92%
UEFA Cup Winners' Cup 1980 Brussels
92%
UEFA Cup Winners' Cup 1976 Brussels
92%
UEFA Cup Winners' Cup 1964 Brussels
92%
UEFA Cup Winners' Cup 1971 Piraeus
92%
UEFA Cup Winners' Cup 1998 Stockholm
92%
UEFA European Championship 2008 Vienna
92%
UEFA Champions League 1995 Vienna
92%
European Cup 1990 Vienna
92%
European Cup 1987 Vienna
92%
European Cup 1964 Vienna
92%
UEFA Cup Winners' Cup 1970 Vienna
92%
UEFA Europa League 2015 Warsaw
92%
UEFA Super Cup 2024 Warsaw
92%
UEFA Champions League 2003 Manchester
90%
UEFA Cup 2008 Manchester
90%
UEFA Nations League 2019 Porto
90%
UEFA Champions League 2021 Porto
90%
UEFA Europa League 2014 Turin
90%
UEFA Women's Champions League 2022 Turin
90%
UEFA Europa League 2024 Dublin
89%
UEFA Europa League 2011 Dublin
89%
UEFA European Championship 2000 Rotterdam
89%
UEFA Nations League 2023 Rotterdam
89%
European Cup 1982 Rotterdam
89%
European Cup 1972 Rotterdam
89%
UEFA Cup 2002 Rotterdam
89%
UEFA Cup Winners' Cup 1997 Rotterdam
89%
UEFA Cup Winners' Cup 1991 Rotterdam
89%
UEFA Cup Winners' Cup 1985 Rotterdam
89%
UEFA Cup Winners' Cup 1974 Rotterdam
89%
UEFA Cup Winners' Cup 1968 Rotterdam
89%
UEFA Cup Winners' Cup 1963 Rotterdam
89%
UEFA Women's Nations League 2024 Seville
89%
European Cup 1986 Seville
89%
UEFA Europa League 2022 Seville
89%
UEFA Cup 2003 Seville
89%
UEFA Women's Championship 2013 Solna
89%
UEFA Europa League 2017 Solna
89%
UEFA Europa League 2018 Lyon
87%
UEFA Cup Winners' Cup 1986 Lyon
87%
UEFA Women's Championship 1997 Oslo
87%
UEFA Women's Championship 1987 Oslo
87%
UEFA Women's Champions League 2026 Oslo
87%
UEFA Cup 2000 Copenhagen
86%
UEFA Cup Winners' Cup 1994 Copenhagen
86%
UEFA European Championship 1976 Belgrade
85%
European Cup 1973 Belgrade
85%
UEFA Europa League 2012 Bucharest
85%
UEFA Champions League 2026 Budapest
85%
UEFA Europa League 2023 Budapest
85%
UEFA Super Cup 2020 Budapest
85%
UEFA Women's Champions League 2019 Budapest
85%
UEFA Women's Championship 2009 Helsinki
85%
UEFA Super Cup 2022 Helsinki
85%
UEFA Champions League 2017 Cardiff
83%
UEFA Super Cup 2014 Cardiff
83%
UEFA Women's Champions League 2017 Cardiff
83%
European Cup 1961 Bern
82%
UEFA Cup Winners' Cup 1989 Bern
82%
UEFA Europa League 2010 Hamburg
82%
UEFA Europa Conference League 2023 Prague
82%
UEFA Super Cup 2013 Prague
82%
UEFA Europa League 2027 Frankfurt
77%
UEFA Super Cup 2012 Monaco
76%
UEFA Super Cup 2011 Monaco
76%
UEFA Super Cup 2010 Monaco
76%
UEFA Super Cup 2009 Monaco
76%
UEFA Super Cup 2008 Monaco
76%
UEFA Super Cup 2007 Monaco
76%
UEFA Super Cup 2006 Monaco
76%
UEFA Super Cup 2005 Monaco
76%
UEFA Super Cup 2004 Monaco
76%
UEFA Super Cup 2003 Monaco
76%
UEFA Super Cup 2002 Monaco
76%
UEFA Super Cup 2001 Monaco
76%
UEFA Super Cup 2000 Monaco
76%
UEFA Super Cup 1999 Monaco
76%
UEFA Super Cup 1998 Monaco
76%
UEFA Europa League 2025 Bilbao
72%
UEFA Women's Champions League 2024 Bilbao
72%
UEFA Cup Winners' Cup 1999 Birmingham
72%
UEFA Cup 2001 Dortmund
70%
UEFA Europa Conference League 2022 Tirana
69%
UEFA Europa League 2020 Cologne
68%
European Cup 1988 Stuttgart
68%
European Cup 1959 Stuttgart
68%
UEFA Cup Winners' Cup Stuttgart
68%
UEFA Champions League 2004 Gelsenkirchen
65%
UEFA European Championship 1992 Gothenburg
65%
UEFA Cup 2004 Gothenburg
65%
UEFA Women's Champions League 2021 Gothenburg
65%
UEFA Cup Winners' Cup 1990 Gothenburg
65%
UEFA Cup Winners' Cup 1983 Gothenburg
65%
UEFA Women's Championship 2025 Basel
63%
UEFA Europa League 2016 Basel
63%
UEFA Cup Winners' Cup 1984 Basel
63%
UEFA Cup Winners' Cup 1979 Basel
63%
UEFA Cup Winners' Cup 1975 Basel
63%
UEFA Cup Winners' Cup 1969 Basel
63%
UEFA Super Cup 2021 Belfast
62%
UEFA Cup 2006 Eindhoven
62%
UEFA Women's Champions League 2023 Eindhoven
62%
UEFA Europa League 2021 Gdansk
61%
UEFA Super Cup 2018 Tallinn
61%
UEFA Europa Conference League 2026 Leipzig
59%
UEFA Cup Winners' Cup Antwerp
58%
UEFA Europa League 2019 Baku
54%
European Cup 1991 Bari
51%
UEFA Cup Winners' Cup 1981 Dusseldorf
48%
UEFA Super Cup 2017 Skopje
48%
UEFA Cup Winners' Cup 1973 Thessaloniki
39%
UEFA Europa Conference League 2025 Wroclaw
38%
UEFA Cup Winners' Cup 1988 Strasbourg
35%
UEFA Super Cup 2015 Tbilisi
35%
UEFA Cup Winners' Cup 1967 Nuremberg
34%
UEFA Super Cup 2016 Trondheim
28%
UEFA Women's Champions League 2020 San Sebastian
27%
UEFA Women's Championship 1991 Aalborg
18%
UEFA Women's Championship 2005 Blackburn
14%
UEFA Women's Championship 1995 Kaiserslautern
14%
UEFA Women's Championship 2017 Enschede
13%
UEFA Women's Champions League 2016 Reggio Emilia
8%
UEFA Women's Championship 2001 Ulm
8%
UEFA Women's Championship 1989 Osnabruck
6%
UEFA Women's Championship 1993 Cesena
4%
No matching quizzes found
Score Distribution
Percent of People with Each Score
Percentile by Number Answered
Your Score History
You have not taken this quiz